Posibilidades y límites de la encuesta de hogares como instrumento de investigación /

El autor hace referencia a las posibilidades y limitaciones de las Encuestas de Hogares partiendo de los intereses de los científicos sociales, cuestiona los conceptos que se manejan en dicha encuesta y la forma en como se obtiene la información: "Por el hecho de que la información de cada una...

Descripció completa

Guardat en:
Dades bibliogràfiques
Autor principal: Gómez Barrantes, Miguel
Format: Text
Matèries:
Etiquetes: Afegir etiqueta
Sense etiquetes, Sigues el primer a etiquetar aquest registre!

MARC

LEADER 00000 a a2200000 04500
001 3754
003
040
100 |a Gómez Barrantes, Miguel  
245 |a Posibilidades y límites de la encuesta de hogares como instrumento de investigación /  |c Miguel Gómez Barrantes 
520 |a El autor hace referencia a las posibilidades y limitaciones de las Encuestas de Hogares partiendo de los intereses de los científicos sociales, cuestiona los conceptos que se manejan en dicha encuesta y la forma en como se obtiene la información: "Por el hecho de que la información de cada una de las personas residentes en el hogar, no se obtiene directamente de ellas, sino de un informante calificado que esté presente en la vivienda en el momento de la visita, las E.H.P.M., sólo permiten medir o investigar apropiadamente aquellas variables que son bien conocidas por el informante. REV//jmml  
650 |a PUB.IIS  
650 |a ESTADISTICA  
650 |a INVESTIGACION  
650 |a DATOS ESTADISTICOS  
650 |a ENCUESTAS  
650 |a METODOLOGIA  
773 |g número 37; páginas 21-25  
999 |c 23216  |d 23216